Aardman by Image - Statistics

General Stats
  • This quiz has been taken 40 times
  • The average score is 7 of 16
Answer Stats
Picture Answer % Correct
Chicken Run
91%
Shaun The Sheep
84%
Flushed Away
75%
Wallace & Gromit: The Wrong Trousers
69%
Arthur Christmas
66%
Early Man
56%
The Morph Files
47%
The Pirates! Band of Misfits
47%
Creature Comforts
34%
Chop Socky Chooks
25%
Robin Robin
25%
Rex the Runt
19%
Canimals
16%
Pib and Pog
13%
Pythagasaurus
9%
The Presentators
9%
No matching quizzes found
Score Distribution
Percent of People with Each Score
Percentile by Number Answered
Your Score History
You have not taken this quiz